[Event "Villarobledo Online Qualifyer"]
[Site "playchess.com #155672"]
[Date "2009.05.23"]
[Round "4"]
[White "Hakem_II"]
[Black "Antlew3"]
[Result "1/2-1/2"]
[WhiteElo "1919"]
[BlackElo "1694"]
[PlyCount "183"]
[EventDate "2009.05.23"]
[EventType "swiss (blitz)"]

1. d4 {[%emt 0:00:02]} g6 {[%emt 0:00:01]} 2. c4 {[%emt 0:00:01]} Bg7 {[%emt 0:
00:01]} 3. Nf3 {[%emt 0:00:07]} b6 {[%emt 0:00:01]} 4. e4 {[%emt 0:00:01]} Bb7
{[%emt 0:00:01]} 5. Bd3 {[%emt 0:00:01]} e6 {[%emt 0:00:01]} 6. O-O {[%emt 0:
00:01]} Ne7 {[%emt 0:00:01]} 7. e5 {[%emt 0:00:01]} O-O {[%emt 0:00:01]} 8. Bg5
{[%emt 0:00:01]} f6 {[%emt 0:00:01]} 9. exf6 {[%emt 0:00:18]} Bxf6 {[%emt 0:00:
01]} 10. Bh6 {[%emt 0:00:02]} Bg7 {[%emt 0:00:01]} 11. Bg5 {[%emt 0:00:02]}
Nbc6 {[%emt 0:00:05]} 12. Be2 {[%emt 0:00:05]} Qe8 {[%emt 0:00:04]} 13. Nc3 {
[%emt 0:00:02]} Nf5 {[%emt 0:00:03]} 14. d5 {[%emt 0:00:05]} exd5 {[%emt 0:00:
08]} 15. Nxd5 {[%emt 0:00:02]} Bxb2 {[%emt 0:00:07]} 16. Rb1 {[%emt 0:00:10]}
Bg7 {[%emt 0:00:17]} 17. Nxc7 {[%emt 0:00:03]} Qe4 {[%emt 0:00:06]} 18. Nxa8 {
[%emt 0:00:11]} Ncd4 {[%emt 0:00:01]} 19. Bd3 {[%emt 0:00:33]} Qg4 {[%emt 0:00:
08]} 20. h3 {[%emt 0:00:31]} Nxf3+ {[%emt 0:00:02]} 21. Kh1 {[%emt 0:00:15]}
Qxg5 {[%emt 0:00:09]} 22. gxf3 {[%emt 0:00:17]} Bxa8 {[%emt 0:00:05]} 23. Be4 {
[%emt 0:00:01]} Bc6 {[%emt 0:00:12]} 24. Rg1 {[%emt 0:00:32]} Qh4 {[%emt 0:00:
19]} 25. Kh2 {[%emt 0:00:02]} Be5+ {[%emt 0:00:05]} 26. Kg2 {[%emt 0:00:02]}
Qf4 {[%emt 0:00:05]} 27. Rh1 {[%emt 0:00:02]} Nh4+ {[%emt 0:00:05]} 28. Kf1 {
[%emt 0:00:02]} Nxf3 {[%emt 0:00:15]} 29. Bd5+ {[%emt 0:00:08]} Kg7 {[%emt 0:
00:06]} 30. Qd3 {[%emt 0:00:05]} Nd4 {[%emt 0:00:10]} 31. Qe3 {[%emt 0:00:14]}
Qf6 {[%emt 0:00:47] '} 32. Rd1 {[%emt 0:00:05]} Nf5 {[%emt 0:00:10]} 33. Qd3 {
[%emt 0:00:01]} h5 {[%emt 0:00:08]} 34. Bxc6 {[%emt 0:00:01]} dxc6 {[%emt 0:00:
01]} 35. Qd7+ {[%emt 0:00:01]} Rf7 {[%emt 0:00:01]} 36. Qd3 {[%emt 0:00:02]} c5
{[%emt 0:00:02]} 37. Rg1 {[%emt 0:00:01]} Nd4 {[%emt 0:00:02]} 38. Rg2 {[%emt
0:00:01]} Nf5 {[%emt 0:00:12]} 39. Qe4 {[%emt 0:00:02]} Bd4 {[%emt 0:00:01]}
40. Rd2 {[%emt 0:00:02]} Ne3+ {[%emt 0:00:05]} 41. Kg1 {[%emt 0:00:04]} Nxg2 {
[%emt 0:00:01]} 42. Qxg2 {[%emt 0:00:02]} Qf4 {[%emt 0:00:02]} 43. Re2 {[%emt
0:00:02]} Qc1+ {[%emt 0:00:01]} 44. Kh2 {[%emt 0:00:01]} Be5+ {[%emt 0:00:05]}
45. Rxe5 {[%emt 0:00:03]} Qf4+ {[%emt 0:00:04]} 46. Qg3 {[%emt 0:00:02]} Qxg3+
{[%emt 0:00:01]} 47. Kxg3 {[%emt 0:00:01]} Rf5 {[%emt 0:00:01]} 48. Re7+ {
[%emt 0:00:01]} Rf7 {[%emt 0:00:01]} 49. Re6 {[%emt 0:00:01]} Rd7 {[%emt 0:00:
02]} 50. f3 {[%emt 0:00:03]} Kf7 {[%emt 0:00:01]} 51. Re3 {[%emt 0:00:02]} Rd4
{[%emt 0:00:01]} 52. Rc3 {[%emt 0:00:02]} Rd2 {[%emt 0:00:01]} 53. a3 {[%emt 0:
00:01]} Ra2 {[%emt 0:00:01]} 54. h4 {[%emt 0:00:01]} Kf6 {[%emt 0:00:01]} 55.
Re3 {[%emt 0:00:01]} Ra1 {[%emt 0:00:02]} 56. Rd3 {[%emt 0:00:01]} Rb1 {[%emt
0:00:01]} 57. Rd6+ {[%emt 0:00:02]} Ke5 {[%emt 0:00:02]} 58. Rxg6 {[%emt 0:00:
01]} Kd4 {[%emt 0:00:00]} 59. Rg5 {[%emt 0:00:02]} Kxc4 {[%emt 0:00:01]} 60.
Rxh5 {[%emt 0:00:00]} Rb3 {[%emt 0:00:01]} 61. a4 {[%emt 0:00:02]} Kb4 {[%emt
0:00:02]} 62. Rh7 {[%emt 0:00:02]} a5 {[%emt 0:00:02]} 63. Rh6 {[%emt 0:00:01]}
Kxa4 {[%emt 0:00:01]} 64. h5 {[%emt 0:00:00]} b5 {[%emt 0:00:01]} 65. Rc6 {
[%emt 0:00:03]} c4 {[%emt 0:00:04]} 66. h6 {[%emt 0:00:01]} Rb1 {[%emt 0:00:01]
} 67. Kg2 {[%emt 0:00:01]} Rb2+ {[%emt 0:00:02]} 68. Kg3 {[%emt 0:00:02]} Rb1 {
[%emt 0:00:00]} 69. Kf2 {[%emt 0:00:01]} Rh1 {[%emt 0:00:01]} 70. Kg2 {[%emt 0:
00:03]} Rh5 {[%emt 0:00:02]} 71. f4 {[%emt 0:00:02]} Kb4 {[%emt 0:00:02]} 72.
Kg3 {[%emt 0:00:01]} Rh1 {[%emt 0:00:03]} 73. f5 {[%emt 0:00:01]} a4 {[%emt 0:
00:01]} 74. f6 {[%emt 0:00:01]} Rxh6 {[%emt 0:00:03]} 75. f7 {[%emt 0:00:05]}
Rxc6 {[%emt 0:00:02]} 76. f8=Q+ {[%emt 0:00:01]} Kb3 {[%emt 0:00:02]} 77. Qe8 {
[%emt 0:00:02]} Rc5 {[%emt 0:00:02]} 78. Qe7 {[%emt 0:00:01]} Kb4 {[%emt 0:00:
01]} 79. Kf3 {[%emt 0:00:01]} a3 {[%emt 0:00:01]} 80. Ke3 {[%emt 0:00:01]} a2 {
[%emt 0:00:01]} 81. Qf6 {[%emt 0:00:07]} Kb3 {[%emt 0:00:02]} 82. Qa1 {[%emt 0:
00:02]} c3 {[%emt 0:00:02]} 83. Kd4 {[%emt 0:00:01]} Rc4+ {[%emt 0:00:02]} 84.
Kd3 {[%emt 0:00:01]} b4 {[%emt 0:00:01]} 85. Qd1+ {[%emt 0:00:02]} Kb2 {[%emt
0:00:04]} 86. Kxc4 {[%emt 0:00:07]} c2 {[%emt 0:00:04]} 87. Qd4+ {[%emt 0:00:
04]} Kb1 {[%emt 0:00:01]} 88. Kb3 {[%emt 0:00:14]} c1=Q {[%emt 0:00:05]} 89.
Qd3+ {[%emt 0:00:01]} Ka1 {[%emt 0:00:02]} 90. Qd4+ {[%emt 0:00:00]} Qc3+ {
[%emt 0:00:08]} 91. Qxc3+ {[%emt 0:00:01]} bxc3 {[%emt 0:00:01]} 92. Kc2 {
[%emt 0:00:01]} 1/2-1/2

[Event "Villarobledo Online Qualifyer"]
[Site "playchess.com #155672"]
[Date "2009.05.23"]
[Round "5"]
[White "stefanovitch"]
[Black "Hauberk"]
[Result "0-1"]
[WhiteElo "1641"]
[BlackElo "2308"]
[PlyCount "48"]
[EventDate "2009.05.23"]
[EventType "swiss (blitz)"]

1. f4 {[%emt 0:00:01]} b6 {[%emt 0:00:02]} 2. Nf3 {[%emt 0:00:01]} Bb7 {[%emt
0:00:01]} 3. e3 {[%emt 0:00:00]} e6 {[%emt 0:00:01]} 4. Be2 {[%emt 0:00:01]} g6
{[%emt 0:00:01]} 5. O-O {[%emt 0:00:01]} Bg7 {[%emt 0:00:01]} 6. d4 {[%emt 0:
00:01]} f5 {[%emt 0:00:02]} 7. c4 {[%emt 0:00:01]} Nf6 {[%emt 0:00:01]} 8. Nc3
{[%emt 0:00:02]} O-O {[%emt 0:00:01]} 9. b3 {[%emt 0:00:01]} d6 {[%emt 0:00:01]
} 10. Bb2 {[%emt 0:00:01]} Nbd7 {[%emt 0:00:01]} 11. Qc2 {[%emt 0:00:04]} Qe7 {
[%emt 0:00:01]} 12. Rad1 {[%emt 0:00:11]} h6 {[%emt 0:00:02]} 13. d5 {[%emt 0:
00:02]} e5 {[%emt 0:00:01]} 14. fxe5 {[%emt 0:00:06]} Nxe5 {[%emt 0:00:02]} 15.
Nxe5 {[%emt 0:00:02]} Qxe5 {[%emt 0:00:02]} 16. Ne4 {[%emt 0:00:11]} Qxe4 {
[%emt 0:00:02]} 17. Qxe4 {[%emt 0:00:05]} Nxe4 {[%emt 0:00:03]} 18. Bxg7 {
[%emt 0:00:02]} Kxg7 {[%emt 0:00:00]} 19. Bd3 {[%emt 0:00:05]} Rae8 {[%emt 0:
00:02]} 20. g4 {[%emt 0:00:08]} fxg4 {[%emt 0:00:06]} 21. Rxf8 {[%emt 0:00:02]}
Kxf8 {[%emt 0:00:01]} 22. Rf1+ {[%emt 0:00:02]} Kg7 {[%emt 0:00:01]} 23. Rf4 {
[%emt 0:00:01]} Nf6 {[%emt 0:00:03]} 24. e4 {[%emt 0:00:03]} Bc8 {[%emt 0:00:
02] stefanovitch abandonne} 0-1

[Event "Villarobledo Online Qualifyer"]
[Site "playchess.com #155672"]
[Date "2009.05.23"]
[Round "5"]
[White "Lupi_linares"]
[Black "Chesshero045"]
[Result "1/2-1/2"]
[WhiteElo "1764"]
[BlackElo "1964"]
[PlyCount "70"]
[EventDate "2009.05.23"]
[EventType "swiss (blitz)"]

1. d4 {[%emt 0:00:01]} Nf6 {[%emt 0:00:02]} 2. c4 {[%emt 0:00:01]} e5 {[%emt 0:
00:01]} 3. dxe5 {[%emt 0:00:01]} Ng4 {[%emt 0:00:00]} 4. Bf4 {[%emt 0:00:01]}
Nc6 {[%emt 0:00:02]} 5. Nf3 {[%emt 0:00:01]} Bb4+ {[%emt 0:00:02]} 6. Nbd2 {
[%emt 0:00:01]} Qe7 {[%emt 0:00:01]} 7. e3 {[%emt 0:00:01]} Ngxe5 {[%emt 0:00:
02]} 8. Nxe5 {[%emt 0:00:01]} Nxe5 {[%emt 0:00:01]} 9. Be2 {[%emt 0:00:01]} d6
{[%emt 0:00:02]} 10. O-O {[%emt 0:00:02]} Bxd2 {[%emt 0:00:00]} 11. Qxd2 {
[%emt 0:00:01]} b6 {[%emt 0:00:00]} 12. Bxe5 {[%emt 0:00:21]} Qxe5 {[%emt 0:00:
02]} 13. Bf3 {[%emt 0:00:01]} Rb8 {[%emt 0:00:01]} 14. Bc6+ {[%emt 0:00:12]}
Bd7 {[%emt 0:00:02]} 15. Bxd7+ {[%emt 0:00:02]} Kxd7 {[%emt 0:00:00]} 16. Qd4 {
[%emt 0:00:02]} Qxd4 {[%emt 0:00:03]} 17. exd4 {[%emt 0:00:01]} c5 {[%emt 0:00:
18]} 18. d5 {[%emt 0:00:05]} Rhe8 {[%emt 0:00:02]} 19. Rfe1 {[%emt 0:00:01]} a6
{[%emt 0:00:04]} 20. Kf1 {[%emt 0:00:06]} b5 {[%emt 0:00:01]} 21. b3 {[%emt 0:
00:07]} bxc4 {[%emt 0:00:05]} 22. Rxe8 {[%emt 0:00:03]} Kxe8 {[%emt 0:00:06]}
23. bxc4 {[%emt 0:00:01]} Rb4 {[%emt 0:00:02]} 24. Rc1 {[%emt 0:00:03]} Rb2 {
[%emt 0:00:00]} 25. Re1+ {[%emt 0:00:09]} Kd7 {[%emt 0:00:02]} 26. Re2 {[%emt
0:00:01]} Rb1+ {[%emt 0:00:03]} 27. Re1 {[%emt 0:00:01]} Rb2 {[%emt 0:00:08]}
28. Re2 {[%emt 0:00:01]} Rb4 {[%emt 0:00:00]} 29. Rc2 {[%emt 0:00:01]} a5 {
[%emt 0:00:02]} 30. Ke2 {[%emt 0:00:03]} a4 {[%emt 0:00:01]} 31. Kd2 {[%emt 0:
00:08]} Rb1 {[%emt 0:00:10]} 32. Rc1 {[%emt 0:00:03]} Rb2+ {[%emt 0:00:01]} 33.
Rc2 {[%emt 0:00:01]} Rb1 {[%emt 0:00:01]} 34. Rc1 {[%emt 0:00:01]} Rb2+ {[%emt
0:00:01]} 35. Rc2 {[%emt 0:00:01]} Rb1 {[%emt 0:00:10]} 1/2-1/2

[Event "Villarobledo Online Qualifyer"]
[Site "playchess.com #155672"]
[Date "2009.05.23"]
[Round "5"]
[White "Antlew3"]
[Black "Imperatrix"]
[Result "1-0"]
[WhiteElo "1704"]
[BlackElo "1746"]
[PlyCount "71"]
[EventDate "2009.05.23"]
[EventType "swiss (blitz)"]

1. c4 {[%emt 0:00:02]} Nf6 {[%emt 0:00:02]} 2. b3 {[%emt 0:00:02]} c5 {[%emt 0:
00:04]} 3. Bb2 {[%emt 0:00:01]} b6 {[%emt 0:00:01]} 4. Nf3 {[%emt 0:00:03]} Bb7
{[%emt 0:00:01]} 5. g3 {[%emt 0:00:01]} e6 {[%emt 0:00:02]} 6. Bg2 {[%emt 0:00:
01]} Be7 {[%emt 0:00:01]} 7. O-O {[%emt 0:00:01]} O-O {[%emt 0:00:02]} 8. e3 {
[%emt 0:00:02]} Qc7 {[%emt 0:00:01]} 9. d4 {[%emt 0:00:01]} cxd4 {[%emt 0:00:
01]} 10. Qxd4 {[%emt 0:00:01]} d6 {[%emt 0:00:04]} 11. Nbd2 {[%emt 0:00:02]}
Nbd7 {[%emt 0:00:04]} 12. Rad1 {[%emt 0:00:04]} Rac8 {[%emt 0:00:02]} 13. Ne4 {
[%emt 0:00:06]} Bxe4 {[%emt 0:00:07]} 14. Ng5 {[%emt 0:00:03]} Bxg2 {[%emt 0:
00:03]} 15. Kxg2 {[%emt 0:00:02]} Qb7+ {[%emt 0:00:01]} 16. f3 {[%emt 0:00:03]}
h6 {[%emt 0:00:02]} 17. Ne4 {[%emt 0:00:01]} Rfe8 {[%emt 0:00:11]} 18. Nxd6 {
[%emt 0:00:01]} Bxd6 {[%emt 0:00:03]} 19. Qxd6 {[%emt 0:00:01]} Qc6 {[%emt 0:
00:06]} 20. Qd4 {[%emt 0:00:02]} Rcd8 {[%emt 0:00:06]} 21. Qc3 {[%emt 0:00:01]}
Nc5 {[%emt 0:00:09]} 22. h4 {[%emt 0:00:03]} Rxd1 {[%emt 0:00:06]} 23. Rxd1 {
[%emt 0:00:01]} Qc7 {[%emt 0:00:33]} 24. g4 {[%emt 0:00:02]} Qe7 {[%emt 0:00:
14]} 25. Kh3 {[%emt 0:00:13]} Qf8 {[%emt 0:00:02]} 26. g5 {[%emt 0:00:03]} hxg5
{[%emt 0:00:01]} 27. hxg5 {[%emt 0:00:01]} Nh5 {[%emt 0:00:09]} 28. Kg4 {[%emt
0:00:01]} f5+ {[%emt 0:00:14]} 29. Kxh5 {[%emt 0:00:04]} Qf7+ {[%emt 0:00:02]}
30. Kh4 {[%emt 0:00:01]} Kf8 {[%emt 0:00:10]} 31. b4 {[%emt 0:00:07]} Nd7 {
[%emt 0:00:07]} 32. Qd4 {[%emt 0:00:03]} Ke7 {[%emt 0:00:03]} 33. Qxd7+ {[%emt
0:00:05]} Kf8 {[%emt 0:00:03]} 34. Qxf7+ {[%emt 0:00:05]} Kxf7 {[%emt 0:00:01]}
35. Rd7+ {[%emt 0:00:02]} Kg6 {[%emt 0:00:03]} 36. Rxg7# {[%emt 0:00:03]} 1-0

[Event "Villarobledo Online Qualifyer"]
[Site "playchess.com #155672"]
[Date "2009.05.23"]
[Round "5"]
[White "Burim999"]
[Black "Iluminao"]
[Result "0-1"]
[WhiteElo "1537"]
[BlackElo "2355"]
[PlyCount "96"]
[EventDate "2009.05.23"]
[EventType "swiss (blitz)"]

1. d4 {[%emt 0:00:04]} d5 {[%emt 0:00:01]} 2. c4 {[%emt 0:00:01]} c6 {[%emt 0:
00:02]} 3. Nc3 {[%emt 0:00:01]} Nf6 {[%emt 0:00:08]} 4. cxd5 {[%emt 0:00:01]}
cxd5 {[%emt 0:00:01]} 5. e3 {[%emt 0:00:01]} Nc6 {[%emt 0:00:04]} 6. Nf3 {
[%emt 0:00:01]} Bg4 {[%emt 0:00:02]} 7. Be2 {[%emt 0:00:01]} e6 {[%emt 0:00:01]
} 8. O-O {[%emt 0:00:01]} Bd6 {[%emt 0:00:02]} 9. h3 {[%emt 0:00:01]} Bh5 {
[%emt 0:00:10]} 10. Nd2 {[%emt 0:00:03]} Bg6 {[%emt 0:00:13]} 11. f3 {[%emt 0:
00:03]} O-O {[%emt 0:00:03]} 12. e4 {[%emt 0:00:01]} Nxd4 {[%emt 0:00:02]} 13.
Bd3 {[%emt 0:00:08]} Bc7 {[%emt 0:00:12]} 14. Nb3 {[%emt 0:00:03]} Nxb3 {[%emt
0:00:05]} 15. axb3 {[%emt 0:00:03]} Qd6 {[%emt 0:00:06]} 16. f4 {[%emt 0:00:11]
} dxe4 {[%emt 0:00:03]} 17. Bc4 {[%emt 0:00:02]} Rfd8 {[%emt 0:00:08]} 18. Be3
{[%emt 0:00:02]} a6 {[%emt 0:00:05]} 19. Na4 {[%emt 0:00:09]} b5 {[%emt 0:00:
10]} 20. Bc5 {[%emt 0:00:02]} Qxd1 {[%emt 0:00:02]} 21. Raxd1 {[%emt 0:00:02]}
bxc4 {[%emt 0:00:03]} 22. bxc4 {[%emt 0:00:02]} Rab8 {[%emt 0:00:02]} 23. b4 {
[%emt 0:00:01]} h5 {[%emt 0:00:09]} 24. Be7 {[%emt 0:00:03]} Rd3 {[%emt 0:00:
03]} 25. Nc5 {[%emt 0:00:08]} Rxd1 {[%emt 0:00:04]} 26. Rxd1 {[%emt 0:00:02]}
Rxb4 {[%emt 0:00:02]} 27. Nxa6 {[%emt 0:00:02]} Rxc4 {[%emt 0:00:08]} 28. Nxc7
{[%emt 0:00:06]} Rxc7 {[%emt 0:00:02]} 29. Rd8+ {[%emt 0:00:01]} Kh7 {[%emt 0:
00:01]} 30. Bxf6 {[%emt 0:00:01]} gxf6 {[%emt 0:00:01]} 31. Kf2 {[%emt 0:00:01]
} h4 {[%emt 0:00:02]} 32. g4 {[%emt 0:00:02]} hxg3+ {[%emt 0:00:02]} 33. Kxg3 {
[%emt 0:00:01]} e3 {[%emt 0:00:04]} 34. Rd1 {[%emt 0:00:02]} Rc3 {[%emt 0:00:
04]} 35. Kf3 {[%emt 0:00:03]} Bh5+ {[%emt 0:00:01]} 36. Ke4 {[%emt 0:00:02]}
Bxd1 {[%emt 0:00:01]} 37. Kd4 {[%emt 0:00:01]} e2 {[%emt 0:00:01]} 38. Kxc3 {
[%emt 0:00:01]} e1=Q+ {[%emt 0:00:02]} 39. Kc4 {[%emt 0:00:00]} Qe4+ {[%emt 0:
00:01]} 40. Kb5 {[%emt 0:00:01]} Qxf4 {[%emt 0:00:01]} 41. Kc6 {[%emt 0:00:01]}
e5 {[%emt 0:00:01]} 42. Kd7 {[%emt 0:00:01]} e4 {[%emt 0:00:00]} 43. Ke7 {
[%emt 0:00:01]} e3 {[%emt 0:00:00]} 44. Kxf7 {[%emt 0:00:01]} e2 {[%emt 0:00:
00]} 45. Ke8 {[%emt 0:00:01]} e1=Q+ {[%emt 0:00:02]} 46. Kd8 {[%emt 0:00:01]}
Qd6+ {[%emt 0:00:01]} 47. Kc8 {[%emt 0:00:01]} Qe8+ {[%emt 0:00:01]} 48. Kb7 {
[%emt 0:00:01]} Qeb8# {[%emt 0:00:00]} 0-1

[Event "Villarobledo Online Qualifyer"]
[Site "playchess.com #155672"]
[Date "2009.05.23"]
[Round "5"]
[White "Ol38130"]
[Black "The great master"]
[Result "1-0"]
[WhiteElo "1778"]
[BlackElo "1463"]
[PlyCount "73"]
[EventDate "2009.05.23"]
[EventType "swiss (blitz)"]

1. d4 {[%emt 0:00:01]} Nf6 {[%emt 0:00:03]} 2. Nf3 {[%emt 0:00:00]} d5 {[%emt
0:00:02]} 3. Bg5 {[%emt 0:00:00]} Bf5 {[%emt 0:00:02]} 4. Bxf6 {[%emt 0:00:01]}
exf6 {[%emt 0:00:01]} 5. Nbd2 {[%emt 0:00:01]} Nd7 {[%emt 0:00:02]} 6. c4 {
[%emt 0:00:01]} dxc4 {[%emt 0:00:02]} 7. e3 {[%emt 0:00:01]} b5 {[%emt 0:00:01]
} 8. a4 {[%emt 0:00:02]} a6 {[%emt 0:00:03]} 9. e4 {[%emt 0:00:01]} Bg6 {[%emt
0:00:02]} 10. Be2 {[%emt 0:00:06]} Bb4 {[%emt 0:00:03]} 11. O-O {[%emt 0:00:02]
} O-O {[%emt 0:00:02]} 12. Qc2 {[%emt 0:00:07]} Bxd2 {[%emt 0:00:02]} 13. Nxd2
{[%emt 0:00:01]} Re8 {[%emt 0:00:01]} 14. f3 {[%emt 0:00:01]} c5 {[%emt 0:00:
04]} 15. Qc3 {[%emt 0:00:02]} Qb6 {[%emt 0:00:07]} 16. d5 {[%emt 0:00:03]} b4 {
[%emt 0:00:07]} 17. Qxc4 {[%emt 0:00:02]} Ne5 {[%emt 0:00:06]} 18. Qc2 {[%emt
0:00:01]} Rab8 {[%emt 0:00:12]} 19. Nc4 {[%emt 0:00:08]} Nxc4 {[%emt 0:00:07]}
20. Bxc4 {[%emt 0:00:00]} a5 {[%emt 0:00:06]} 21. b3 {[%emt 0:00:02]} Qc7 {
[%emt 0:00:04]} 22. Rae1 {[%emt 0:00:05]} Qe5 {[%emt 0:00:03]} 23. Kh1 {[%emt
0:00:07]} f5 {[%emt 0:00:12]} 24. f4 {[%emt 0:00:04] Ol38130 réclame le gain
suite à déconnexion} Qf6 {[%emt 0:00:13]} 25. e5 {[%emt 0:00:01]} Qe7 {[%emt 0:
00:02]} 26. Qf2 {[%emt 0:00:09]} h6 {[%emt 0:00:20]} 27. Qg3 {[%emt 0:00:07]
Ol38130 réclame le gain suite à déconnexion} Rbd8 {[%emt 0:00:09]} 28. d6 {
[%emt 0:00:01]} Qd7 {[%emt 0:00:08]} 29. Qxg6 {[%emt 0:00:02]} Kh8 {[%emt 0:00:
09]} 30. Bxf7 {[%emt 0:00:02]} Rf8 {[%emt 0:00:04]} 31. Be6 {[%emt 0:00:01]}
Qe8 {[%emt 0:00:10]} 32. Bxf5 {[%emt 0:00:02]} Qxg6 {[%emt 0:00:14]} 33. Bxg6 {
[%emt 0:00:00]} c4 {[%emt 0:00:06]} 34. bxc4 {[%emt 0:00:02]} b3 {[%emt 0:00:
01]} 35. e6 {[%emt 0:00:02]} Rxd6 {[%emt 0:00:05]} 36. e7 {[%emt 0:00:01]} Rb8
{[%emt 0:00:03]} 37. e8=Q+ {[%emt 0:00:01] The great master resigns} 1-0

[Event "Villarobledo Online Qualifyer"]
[Site "playchess.com #155672"]
[Date "2009.05.23"]
[Round "5"]
[White "CubaChessPraxis"]
[Black "Steflenicois"]
[Result "0-1"]
[WhiteElo "2158"]
[BlackElo "2489"]
[PlyCount "72"]
[EventDate "2009.05.23"]
[EventType "swiss (blitz)"]

1. d4 {[%emt 0:00:04]} d5 {[%emt 0:00:01]} 2. Nf3 {[%emt 0:00:02]} Nf6 {[%emt
0:00:01]} 3. e3 {[%emt 0:00:05]} Bf5 {[%emt 0:00:02]} 4. c4 {[%emt 0:00:02]} c6
{[%emt 0:00:01]} 5. Nc3 {[%emt 0:00:06]} e6 {[%emt 0:00:01]} 6. Bd3 {[%emt 0:
00:03]} Bxd3 {[%emt 0:00:01]} 7. Qxd3 {[%emt 0:00:02]} Nbd7 {[%emt 0:00:00]} 8.
O-O {[%emt 0:00:04]} Bd6 {[%emt 0:00:03]} 9. e4 {[%emt 0:00:01]} dxe4 {[%emt 0:
00:01]} 10. Nxe4 {[%emt 0:00:02]} Nxe4 {[%emt 0:00:00]} 11. Qxe4 {[%emt 0:00:
02]} O-O {[%emt 0:00:00]} 12. b3 {[%emt 0:00:02]} Nf6 {[%emt 0:00:12]} 13. Qh4
{[%emt 0:00:07]} Be7 {[%emt 0:00:05]} 14. Qh3 {[%emt 0:00:09]} Ne4 {[%emt 0:00:
05]} 15. Bb2 {[%emt 0:00:05]} f5 {[%emt 0:00:09]} 16. Rfe1 {[%emt 0:00:05]} Bf6
{[%emt 0:00:07]} 17. Rxe4 {[%emt 0:00:05]} fxe4 {[%emt 0:00:01]} 18. Qxe6+ {
[%emt 0:00:01]} Kh8 {[%emt 0:00:00]} 19. Qxe4 {[%emt 0:00:01]} Re8 {[%emt 0:00:
03]} 20. Ne5 {[%emt 0:00:04]} Bxe5 {[%emt 0:00:09]} 21. dxe5 {[%emt 0:00:02]}
Qd2 {[%emt 0:00:00]} 22. Ba3 {[%emt 0:00:36]} Rad8 {[%emt 0:00:02]} 23. h3 {
[%emt 0:00:09]} b6 {[%emt 0:00:16]} 24. Re1 {[%emt 0:00:13]} c5 {[%emt 0:00:02]
} 25. Bc1 {[%emt 0:00:02]} Qd4 {[%emt 0:00:08]} 26. Qf5 {[%emt 0:00:13]} Rf8 {
[%emt 0:00:03]} 27. Qc2 {[%emt 0:00:04]} Rde8 {[%emt 0:00:04]} 28. e6 {[%emt 0:
00:02]} Qd6 {[%emt 0:00:18]} 29. Qe2 {[%emt 0:00:34]} Rf6 {[%emt 0:00:02]} 30.
Qg4 {[%emt 0:00:04]} Rfxe6 {[%emt 0:00:05]} 31. Rxe6 {[%emt 0:00:01]} Qxe6 {
[%emt 0:00:00]} 32. Bb2 {[%emt 0:00:01]} Qxg4 {[%emt 0:00:02]} 33. hxg4 {[%emt
0:00:02]} Re1+ {[%emt 0:00:00]} 34. Kh2 {[%emt 0:00:02]} Re2 {[%emt 0:00:00]}
35. Be5 {[%emt 0:00:02]} Rxf2 {[%emt 0:00:01]} 36. Bb8 {[%emt 0:00:02]} Rxa2 {
[%emt 0:00:01] CubaChessPraxis rinde} 0-1

[Event "Villarobledo Online Qualifyer"]
[Site "playchess.com #155672"]
[Date "2009.05.23"]
[Round "5"]
[White "Eddie"]
[Black "Artur95"]
[Result "0-1"]
[WhiteElo "1969"]
[BlackElo "2337"]
[PlyCount "64"]
[EventDate "2009.05.23"]
[EventType "swiss (blitz)"]

1. e4 {[%emt 0:00:02]} c5 {[%emt 0:00:06]} 2. Nf3 {[%emt 0:00:01]} d6 {[%emt 0:
00:01]} 3. d4 {[%emt 0:00:01]} cxd4 {[%emt 0:00:00]} 4. Nxd4 {[%emt 0:00:00]}
Nf6 {[%emt 0:00:00]} 5. Nc3 {[%emt 0:00:01]} g6 {[%emt 0:00:06]} 6. Be3 {[%emt
0:00:01]} Bg7 {[%emt 0:00:02]} 7. Bc4 {[%emt 0:00:01]} O-O {[%emt 0:00:01]} 8.
f3 {[%emt 0:00:02]} Nc6 {[%emt 0:00:01]} 9. Qd2 {[%emt 0:00:01]} Bd7 {[%emt 0:
00:04]} 10. O-O-O {[%emt 0:00:04]} Qa5 {[%emt 0:00:01]} 11. Bb3 {[%emt 0:00:03]
} Ne5 {[%emt 0:00:04]} 12. Kb1 {[%emt 0:00:05]} Rfc8 {[%emt 0:00:02]} 13. h4 {
[%emt 0:00:03]} Nc4 {[%emt 0:00:02]} 14. Bxc4 {[%emt 0:00:01]} Rxc4 {[%emt 0:
00:00]} 15. h5 {[%emt 0:00:02]} Rac8 {[%emt 0:00:06]} 16. hxg6 {[%emt 0:00:06]}
fxg6 {[%emt 0:00:00]} 17. Nb3 {[%emt 0:00:20]} Qa6 {[%emt 0:00:03]} 18. e5 {
[%emt 0:00:41]} Ne8 {[%emt 0:00:13]} 19. f4 {[%emt 0:01:07]} Bg4 {[%emt 0:00:
07]} 20. Rde1 {[%emt 0:00:29]} Bf5 {[%emt 0:00:04]} 21. g4 {[%emt 0:00:11]}
Bxg4 {[%emt 0:00:10]} 22. f5 {[%emt 0:00:16]} Bxf5 {[%emt 0:00:01]} 23. Bh6 {
[%emt 0:00:04]} Bxe5 {[%emt 0:00:09] '} 24. Rxe5 {[%emt 0:00:01]} dxe5 {[%emt
0:00:00]} 25. Qd5+ {[%emt 0:00:02]} Qe6 {[%emt 0:00:02]} 26. Qxe6+ {[%emt 0:00:
03]} Bxe6 {[%emt 0:00:01]} 27. Rf1 {[%emt 0:00:03]} Nf6 {[%emt 0:00:01]} 28.
Bg5 {[%emt 0:00:01]} Kg7 {[%emt 0:00:02]} 29. Re1 {[%emt 0:00:03]} Rg4 {[%emt
0:00:02]} 30. Bxf6+ {[%emt 0:00:02]} exf6 {[%emt 0:00:01]} 31. Ne4 {[%emt 0:00:
01]} Bxb3 {[%emt 0:00:01]} 32. Nd6 {[%emt 0:00:00]} Bxc2+ {[%emt 0:00:02]
Eddie gibt auf} 0-1

[Event "Villarobledo Online Qualifyer"]
[Site "playchess.com #155672"]
[Date "2009.05.23"]
[Round "5"]
[White "Molina"]
[Black "Marx"]
[Result "1-0"]
[WhiteElo "1557"]
[BlackElo "1295"]
[PlyCount "43"]
[EventDate "2009.05.23"]
[EventType "swiss (blitz)"]

1. d4 {[%emt 0:00:01]} Nf6 {[%emt 0:00:02]} 2. c4 {[%emt 0:00:01]} d5 {[%emt 0:
00:03]} 3. cxd5 {[%emt 0:00:05]} Nxd5 {[%emt 0:00:01]} 4. Nc3 {[%emt 0:00:02]}
Nxc3 {[%emt 0:00:02]} 5. bxc3 {[%emt 0:00:01]} Bf5 {[%emt 0:00:04]} 6. Nf3 {
[%emt 0:00:05]} e6 {[%emt 0:00:06]} 7. e3 {[%emt 0:00:05]} c6 {[%emt 0:00:01]}
8. Be2 {[%emt 0:00:01]} Be7 {[%emt 0:00:13]} 9. O-O {[%emt 0:00:03]} Nd7 {
[%emt 0:00:09]} 10. c4 {[%emt 0:00:11]} Bf6 {[%emt 0:00:32]} 11. Bb2 {[%emt 0:
00:04]} O-O {[%emt 0:00:18]} 12. Bd3 {[%emt 0:00:02]} Bxd3 {[%emt 0:00:05]} 13.
Qxd3 {[%emt 0:00:02]} Re8 {[%emt 0:00:03]} 14. e4 {[%emt 0:00:02]} e5 {[%emt 0:
00:07]} 15. d5 {[%emt 0:00:03]} Nc5 {[%emt 0:00:02]} 16. Qe3 {[%emt 0:00:07]}
Qb6 {[%emt 0:00:12]} 17. Rab1 {[%emt 0:00:06]} Qa5 {[%emt 0:00:44]} 18. Bc3 {
[%emt 0:00:20]} Qa3 {[%emt 0:00:03]} 19. Rfc1 {[%emt 0:00:39]} b6 {[%emt 0:00:
05]} 20. Qe2 {[%emt 0:00:07]} Na4 {[%emt 0:00:11]} 21. Bb4 {[%emt 0:00:10]} Nc3
{[%emt 0:00:08]} 22. Rxc3 {[%emt 0:00:14] Marx resigns} 1-0